000
00341 a2200157 4500
001
170600
020
_a
040
_c
Magnum
100
_a
Innecco, Neide
240
1
0
_a
O anjo, a natureza e as criancas
_l
por
245
1
0
_a
O anjo, a natureza e as criancas
362
0
_a
1899
440
1
_a
Leitura
697
_a
IJ/FICCAO
942
_c
BK
999
_c
170600
_d
170600